• 首页
  • 本馆介绍
  • 公告通知
  • 最新文献
  • 馆藏检索
  • 电子资源
  • 读者导购
  • 参考咨询
  • 我的图书馆
  • 登录
  • 详细信息显示
  • 放入我的书架
  • 预约/预借图书
  • 作者相关作品
  • 分类相关作品
  • 丛书相关作品
  • 出版社相关作品

书目信息

  • 表格格式
  • 工作单格式
  • 卡片格式
题名:
文化设施建筑
    
 
作者: ;廖恩伟 编 ;韩国产业文化出版社 编
分册:  
出版信息: 长春   吉林科学技术出版社  2003
页数: 192页
开本: 29cm
丛书名: 韩国现代建筑
单 册:
中图分类: TU242-64 , TU242.4
科图分类:
主题词: 文化建筑--建筑设计--韩国--现代--图集
电子资源:
ISBN: 7-5384-2716-3
000 01035oam2 2200289 450
001 1570509406
005 20150118193532.04
010    @a7-5384-2716-3@dCNY49.80
100    @a20030512d2003 em y0chiy50 ea
101 1  @achi@ckor
102    @aCN@b220000
105    @aa z 000yy
200 1  @a文化设施建筑@9wen hua she shi jian zhu@e[图集]@f[韩国产业文化出版社编]@g廖恩伟译
210    @a长春@c吉林科学技术出版社@d2003
215    @a192页@d29cm
225 2  @a韩国现代建筑
305    @a韩国产业出版公司授权出版
330    @a本书介绍的现代韩国文化设施建筑,突出民浓郁的文化内涵和实用性,把自然有机地融入了总体设计,体现了建筑技术与艺术的完美结合。
461  0 @12001 @a韩国现代建筑
510 1  @aCulture Establishments Architecture@zeng
606 0  @a文化建筑@x建筑设计@y韩国@z现代@j图集
690    @aTU242-64@v5
690    @aTU242.4@v4
702  0 @a廖恩伟@9liao en wei@c(建筑设计)@4编
711 02 @a韩国产业文化出版社@9han guo chan ye wen hua chu ban she@4编
801  0 @aCN@bTSSF@c20150118
905    @aZUCC@dTU242.4@eJY25
    
    文化设施建筑:[图集]/[韩国产业文化出版社编]/廖恩伟译.-长春:吉林科学技术出版社,2003
    192页;29cm.-(韩国现代建筑)
    
    
    ISBN 7-5384-2716-3:CNY49.80
    本书介绍的现代韩国文化设施建筑,突出民浓郁的文化内涵和实用性,把自然有机地融入了总体设计,体现了建筑技术与艺术的完美结合。
●
相关链接 在E读中查询图书 在五车中查询图书 在当当中查询图书 在豆瓣中查询图书


正题名:文化设施建筑     索取号:TU242.4/JY25         预约/预借

序号 登录号 条形码 馆藏地/架位号 状态 备注
1 7847918   278479184   学院路分馆/ [索取号:TU242.4/JY25] 在馆    
2 7847919   278479193   学院路分馆/ [索取号:TU242.4/JY25] 在馆    
唐山师范学院图书馆 欢迎您!
大连网信软件有限公司© 版权所有